000 00557nam a2200181Ia 4500
001 9417
005 20260306161717.0
008 260306t2009||||xx |||||||||||||| ||spa||
041 _aESP
082 _a378.85
_bP77M
100 _aPerú. Pontificia Universidad Católica del Perú. Dirección Académica de Responsabilidad Social
_eAUT
245 0 _aMesas EMSU:
_bla universidad frente a los desafíos del desarrollo humano sostenible
260 _c2009
300 _a70 páginas :
_c20 cm.
650 _aGEN
654 _aCED
942 _cLIB
_dJUS
_fJUS
_2ddc
_n
999 _c9417
_d9417